000 00862cab a2200217 4500
001 X1027
008 090401t1993 xxu||||| |||| 00| 0 eng d
035 _a(Sirsi) u14273
041 _aeng
245 _aSmall and DWS Car Breakers and others v SoS Environment and Chelmsford BC
260 _c1993
350 _a0
490 _aJournal of Planning and Environment Law
_v1993 JPL 923-925(3)
520 _aQBD 9 October 1992. Enforcement notices - application for leave to appeal out of time - material change of use - identification of correct planning unit - boundaries of the land - subdivision of single planning unit - new units of occupation - new uses - question of fact and degree.
650 _aCHANGE OF USE
650 _aENFORCEMENT NOTICES
650 _aOUT OF TIME
690 _aPLANNING LAW AND PRACTICE
942 _n0
948 _c04/03/1997
999 _c9277
_d9277